<?xml version="1.0" encoding="UTF-8"?>
<record
    xmlns:xsi="http://www.w3.org/2001/XMLSchema-instance"
    xsi:schemaLocation="http://www.loc.gov/MARC21/slim http://www.loc.gov/standards/marcxml/schema/MARC21slim.xsd"
    xmlns="http://www.loc.gov/MARC21/slim">

  <leader>06606cam a22004814i 4500</leader>
  <controlfield tag="003">PE-LiUPU</controlfield>
  <controlfield tag="005">20251015094308.0</controlfield>
  <controlfield tag="008">150617s                r     000 0 eng d</controlfield>
  <datafield tag="040" ind1=" " ind2=" ">
    <subfield code="a">PE-LiUPU</subfield>
    <subfield code="b">spa</subfield>
    <subfield code="c">PE-LiUPU</subfield>
    <subfield code="e">rda</subfield>
    <subfield code="d">PE-LiUPU</subfield>
  </datafield>
  <datafield tag="082" ind1="0" ind2="4">
    <subfield code="a">270.6</subfield>
    <subfield code="b">M379</subfield>
    <subfield code="2">23</subfield>
  </datafield>
  <datafield tag="245" ind1="1" ind2="0">
    <subfield code="a">Martin Luther :</subfield>
    <subfield code="b">and the reformation /</subfield>
    <subfield code="c">State Office for Heritage Management and Archaeology Saxony-Anhalt--State Museum of Prehistory, Luther Memorials Foundation of Saxony-Anhalt, Stiftung Deutsches Historisches Museum, Foundation Schloss Friedenstein Gotha, Minneapolis Institute of Art, the Morgan Library &amp; Museum ; [volume editor], Katrin Herbst.</subfield>
  </datafield>
  <datafield tag="264" ind1=" " ind2="1">
    <subfield code="a">[Dresden] :</subfield>
    <subfield code="b">Sandstein Verlag,</subfield>
    <subfield code="c">[2016].</subfield>
  </datafield>
  <datafield tag="300" ind1=" " ind2=" ">
    <subfield code="a">495 p&#xE1;ginas :</subfield>
    <subfield code="c">ilustraciones (principalmente a color) ;</subfield>
    <subfield code="b">31 cent&#xED;metros.</subfield>
  </datafield>
  <datafield tag="336" ind1=" " ind2=" ">
    <subfield code="a">text</subfield>
    <subfield code="2">rdacontent</subfield>
  </datafield>
  <datafield tag="337" ind1=" " ind2=" ">
    <subfield code="a">unmediated</subfield>
    <subfield code="2">rdamedia</subfield>
  </datafield>
  <datafield tag="338" ind1=" " ind2=" ">
    <subfield code="a">volume</subfield>
    <subfield code="2">rdacarrier</subfield>
  </datafield>
  <datafield tag="504" ind1=" " ind2=" ">
    <subfield code="a">Incluye referencias bibliogr&#xE1;ficas e &#xED;ndice (p&#xE1;ginas 464)</subfield>
  </datafield>
  <datafield tag="505" ind1="0" ind2=" ">
    <subfield code="a">The Eve of the Reformation -- Europe and The World around 1500 -- Economics and Religion in the Late Middle Ages and Reformation Period -- Money Stories -- Landscape Usage in Mansfeld Land -- Luther Places, Famous and Unknown -- Mining and Metallurgy in Mansfeld Land in the Time of Martin Luther -- Why Luther Archaeology? -- Luther in Mansfeld: Excavations and Accompanying Architectural Research on Martin Luther's Parents' Home -- The Birth of the Reformation -- The Wide-Ranging Impact of the Reformation -- The Saxon Dynasty and Ernestine Wittenberg -- Marriage Politics during the Reformation -- Becoming a Reformer -- Luther's Posting of His Theses: Much Ado about Nothing? -- Disputations and the Main Writings of the Reformation -- The Tied Majesty. The Emperor's (Version of) "Here I stand, I can do no other..." -- Monk against Emperor -- Pierpont Morgan and Martin Luther's 1521 Letter to Emperor Charles V &#x2013; A Media Event -- Luther at Wartburg Castle -- Translation of the Bible -- Luther and the German Language -- The Reformation Movement -- Why Wittenberg? How a Small Electoral City in Saxony Was Transformed into the Hub of the Reformation -- Wittenberg -- Early Modern Domestic and Dining Culture in Wittenberg Reflected by Prestigious Archaeological Finds -- The Refomation Movement -- Martin Luther and the Protestant Church Service -- Fieeing Nuns and Declining Pastoral Care: The Refotmation and Monasteries -- The First Protestant Parsonage? Luther's House and Household According to Archaeological Evidence -- Luther Archaeology. Results and Promise -- Martin Luther, Women, and Womankind -- Marriage: A Constant Work in Progress. An Examination of the Lutheran Understanding of Marriage and Family -- Reformation Networks -- Friends and Colleagues: Martin Luther and His Fellow Reformers in Wittenberg -- The Republic of Reformers: Huldrych Zwingli, Christoph Schappeler, and Jean Calvin -- Caught up in the Swirl of Conflicts -- The Cultural lmpact of the Reformation -- Lutherana Tragoedia Artis? The Impact of the Reformation on Art History -- lconoclasm --  Here I Rest: A New Perspective on Fine Art during the Reformation Era -- The Saints in the Late Middie Ages and after the Wittenberg Relormation -- Art in the Service of Politics: Cranach and the Reformation O The Painting "Law and Grace" -- Martin Luther and Music -- Martin Luther and the Material Culture of Worship -- Luther, the Virgin Mary, and the Saints. Catholic Images as a Key to Under standing the Lutheran Concept of Salvation -- Martin Luther as a Saint? The Portrait of the Reformer between Holy Icon and Denominational Identity in the Sixteenth Century -- Martin Luther and the Changes in German Burial Practice in the Sixteenth Century -- Martin Luther and the Art of Dying -- &#x201C;es sey hieuor etwo ein sepulcrum gewesen": Martin Luther and the Sixteenth-Century Beginnings of Archaeological Research in Central Europe and Scandinavia -- Polemics and Conflicts -- Crisis Management in Denomina tional Conflicts Resulting from the Reformation -- Luther's Adversaries -- Luther and Politics -- Luther's Two Kingdoms Doctrine -- Martin Luther's Position on Jews and Judaism -- Martin Luther, the Jews, and Judaism: Theology and Politics in Context -- Luther and the Turks -- Christianity and Protestants -- The Lutheran Confessions: A Genre to Define the Church -- Polemical Prints and the Censorship of Images in Reformation Germany -- Luther in the United States of America -- Martin Luther's Eventful Career in the New World -- Luther and the Reformation in America. Minnesota, 1917 as Case Study -- Protestants Overseas -- Protestantism in the United States -- Martin Luther, Heinrich Melchior M&#xFC;hlenberg and the Lutheran Church in North America -- Church Organization in the United States -- Wandering Symbols. The Perception of Martin Luther in the United States and Martin Luther King in East Germany (1983-89) -- Martin Luther and Martin Luther King -- Early Printed Protestant Reformation Material in United States Collections: A Preliminary Guide for Researchers -- Travel Reports and Letters from Emigrants -- Lutheran Paintings in America -- Luther's Legacy -- Reformation Anniversaries and Images of Luther -- Ninety-Five Theses -- Homely Audacity: Memories -- A Living Monument of Luther between Hero Worship and Enchanted ldyll -- Luther in the German Dictatorships of the Twentieth Century -- Where to Stand? Luther and the Unintended Reformation.</subfield>
  </datafield>
  <datafield tag="526" ind1=" " ind2=" ">
    <subfield code="a">SEG42</subfield>
  </datafield>
  <datafield tag="526" ind1=" " ind2=" ">
    <subfield code="a">SEG41</subfield>
  </datafield>
  <datafield tag="526" ind1=" " ind2=" ">
    <subfield code="a">SEG40</subfield>
  </datafield>
  <datafield tag="526" ind1=" " ind2=" ">
    <subfield code="a">SEG39</subfield>
  </datafield>
  <datafield tag="526" ind1=" " ind2=" ">
    <subfield code="a">P94</subfield>
  </datafield>
  <datafield tag="526" ind1=" " ind2=" ">
    <subfield code="a">P87</subfield>
  </datafield>
  <datafield tag="526" ind1=" " ind2=" ">
    <subfield code="a">P86</subfield>
  </datafield>
  <datafield tag="526" ind1=" " ind2=" ">
    <subfield code="a">P85</subfield>
  </datafield>
  <datafield tag="526" ind1=" " ind2=" ">
    <subfield code="a">P77</subfield>
  </datafield>
  <datafield tag="526" ind1=" " ind2=" ">
    <subfield code="a">P76</subfield>
  </datafield>
  <datafield tag="526" ind1=" " ind2=" ">
    <subfield code="a">P35</subfield>
  </datafield>
  <datafield tag="600" ind1=" " ind2="0">
    <subfield code="a">Lutero, Mart&#xED;n,</subfield>
    <subfield code="d">1483-1546.</subfield>
    <subfield code="v">Ensayos.</subfield>
    <subfield code="9">1490</subfield>
  </datafield>
  <datafield tag="650" ind1="1" ind2="0">
    <subfield code="a">Reforma</subfield>
    <subfield code="v">Ensayos.</subfield>
    <subfield code="9">1623</subfield>
  </datafield>
  <datafield tag="700" ind1="1" ind2=" ">
    <subfield code="a">Herbst, Katrin,</subfield>
    <subfield code="e">editor.</subfield>
    <subfield code="9">3741</subfield>
  </datafield>
  <datafield tag="710" ind1=" " ind2=" ">
    <subfield code="a">Landesamt f&#xFC;r Denkmalpflege und Arch&#xE4;ologie Sachsen-Anhalt--Landesmuseum f&#xFC;r Vorgeschichte,</subfield>
    <subfield code="e">organismo emisor.</subfield>
    <subfield code="9">3742</subfield>
  </datafield>
  <datafield tag="710" ind1=" " ind2=" ">
    <subfield code="a">Deutsches Historisches Museum,</subfield>
    <subfield code="e">organismo emisor.</subfield>
    <subfield code="9">3744</subfield>
  </datafield>
  <datafield tag="710" ind1=" " ind2=" ">
    <subfield code="a">Forschungs- und Landesbibliothek Gotha,</subfield>
    <subfield code="e">organismo emisor.</subfield>
    <subfield code="9">3745</subfield>
  </datafield>
  <datafield tag="710" ind1=" " ind2=" ">
    <subfield code="a">Minneapolis Institute of Art,</subfield>
    <subfield code="e">organismo emisor</subfield>
    <subfield code="e">instituci&#xF3;n anfitriona.</subfield>
    <subfield code="9">3746</subfield>
  </datafield>
  <datafield tag="710" ind1=" " ind2=" ">
    <subfield code="a">Pierpont Morgan Library,</subfield>
    <subfield code="e">organismo emisor</subfield>
    <subfield code="e">instituci&#xF3;n anfitriona.</subfield>
    <subfield code="9">3747</subfield>
  </datafield>
  <datafield tag="710" ind1=" " ind2=" ">
    <subfield code="a">Pitts Theology Library,</subfield>
    <subfield code="e">instituci&#xF3;n anfitriona.</subfield>
    <subfield code="9">3748</subfield>
  </datafield>
  <datafield tag="730" ind1=" " ind2=" ">
    <subfield code="a">Martin Lutero y la Reforma.</subfield>
    <subfield code="9">3743</subfield>
  </datafield>
  <datafield tag="942" ind1=" " ind2=" ">
    <subfield code="2">ddc</subfield>
    <subfield code="c">BK</subfield>
    <subfield code="n">0</subfield>
  </datafield>
  <datafield tag="980" ind1=" " ind2=" ">
    <subfield code="8">18226</subfield>
    <subfield code="g">Jaime Vilcaz&#xE1;n Jefe de An&#xE1;lisis Documental</subfield>
    <subfield code="6">18226</subfield>
    <subfield code="a">Jaime Vilcaz&#xE1;n Jefe de An&#xE1;lisis Documental</subfield>
  </datafield>
  <datafield tag="999" ind1=" " ind2=" ">
    <subfield code="c">62317</subfield>
    <subfield code="d">62316</subfield>
  </datafield>
  <datafield tag="952" ind1=" " ind2=" ">
    <subfield code="r">2025-12-02 00:00:00</subfield>
    <subfield code="l">1</subfield>
    <subfield code="m">1</subfield>
    <subfield code="o">270.6 M379r</subfield>
    <subfield code="p">81924</subfield>
    <subfield code="s">2024-05-23</subfield>
    <subfield code="t">e1</subfield>
    <subfield code="x">FT</subfield>
    <subfield code="y">BK</subfield>
    <subfield code="1">0</subfield>
    <subfield code="2">ddc</subfield>
    <subfield code="5">0</subfield>
    <subfield code="7">0</subfield>
    <subfield code="8">GEN</subfield>
    <subfield code="f">P35</subfield>
    <subfield code="a">BUL</subfield>
    <subfield code="b">BUL</subfield>
    <subfield code="c">GEN</subfield>
    <subfield code="d">2022-01-03</subfield>
    <subfield code="e">Donaci&#xF3;n</subfield>
  </datafield>
</record>
